| 000 | 00515nam a22001937a 4500 | ||
|---|---|---|---|
| 003 | OSt | ||
| 005 | 20160129104435.0 | ||
| 008 | 130123t xxu||||| |||| 00| 0 eng d | ||
| 020 | _a8171412025 | ||
| 050 |
_aBD 21 _b.C86 2011 |
||
| 100 | _aCunningham, G. Watts. | ||
| 245 |
_aProblems of philosophy / _cG. Watts Cunningham. |
||
| 260 |
_aNew Delhi : _bDiscovery Pub. House, _c2011. |
||
| 300 |
_axxi, 453 pages ; _c23 cm. |
||
| 500 | _aIncludes index. | ||
| 562 | _e1 | ||
| 942 |
_2lcc _cBK _kFOR |
||
| 999 |
_c1808 _d1808 |
||